|
|
|
|
| LEADER |
00707cam a2200205 7i4500 |
| 001 |
0000020293 |
| 005 |
20040118090000.0 |
| 020 |
# |
0 |
|a 3540415165
|
| 090 |
0 |
0 |
|a QA 331.5
|b F633
|
| 100 |
1 |
# |
|a Florenzano
|
| 245 |
1 |
0 |
|a Finite dimensional convexity and optimization
|c Monique Florenzano and Cuong Le Van, in cooperation with Pascal Gourdel.
|
| 260 |
# |
# |
|a Berlin:
|b Springer,
|c 2001.
|
| 300 |
# |
# |
|a xii, 154p.:
|b ill.;
|c 24cm..
|
| 490 |
0 |
0 |
|a Studies in economic theory;
|v 13
|
| 500 |
# |
# |
|a With 9 figures
|
| 504 |
0 |
0 |
|a Includes bibliographical references and index
|
| 650 |
0 |
0 |
|a Mathematical optimization
|
| 650 |
0 |
0 |
|a Convex functions
|
| 700 |
1 |
1 |
|a Le Van,
|h Cuong
|
| 999 |
|
|
|a 1100015940
|b Book
|c Open Shelf
|e KOLEKSI TERBUKA
|